Analysis and design of control systems using MATLAB / (Record no. 179189)

000 -LEADER
fixed length control field 00672 a2200193 4500
003 - CONTROL NUMBER IDENTIFIER
control field Nust
005 - DATE AND TIME OF LATEST TRANSACTION
control field 20221007112901.0
020 ## - INTERNATIONAL STANDARD BOOK NUMBER
International Standard Book Number 9781906574192
040 ## - CATALOGING SOURCE
Transcribing agency Nust
082 ## - DEWEY DECIMAL CLASSIFICATION NUMBER
Classification number 629.8,DUK
100 ## - MAIN ENTRY--PERSONAL NAME
Personal name Dukkipati, Rao V.
9 (RLIN) 58012
245 ## - TITLE STATEMENT
Title Analysis and design of control systems using MATLAB /
Statement of responsibility, etc. Rao V. Dukkipati
250 ## - EDITION STATEMENT
Edition statement 2nd ed.
260 ## - PUBLICATION, DISTRIBUTION, ETC.
Place of publication, distribution, etc. London
Name of publisher, distributor, etc. New Age Science
Date of publication, distribution, etc. 2009
300 ## - PHYSICAL DESCRIPTION
Extent xi, 449 p.;
505 ## - FORMATTED CONTENTS NOTE
Formatted contents note Introduction (Page-1), MATLAB Basics (Page-25), MATLAB Tutorial (Page-131), Solutions to Problems in MATLAB Basics (Page-275), MATLAB Tutorial Solutions (Page-331),
650 ## - SUBJECT ADDED ENTRY--TOPICAL TERM
Topical term or geographic name entry element Control system engineering
General subdivision MATLAB
9 (RLIN) 99463
942 ## - ADDED ENTRY ELEMENTS (KOHA)
Koha item type Reference
Source of classification or shelving scheme
Holdings
Withdrawn status Lost status Source of classification or shelving scheme Damaged status Not for loan Permanent Location Current Location Shelving location Date acquired Full call number Barcode Date last seen Price effective from Koha item type Public note
          Military College of Signals (MCS) Military College of Signals (MCS) Reference 12/12/2016 629.8,DUK MCS34596 12/08/2016 12/12/2016 Reference Almirah No.24, Shelf No.3
© 2023 Central Library, National University of Sciences and Technology. All Rights Reserved.